| 000 | 05174cam a22018614i 4500 | ||
|---|---|---|---|
| 003 | PE-LiUPU | ||
| 005 | 20250813165929.0 | ||
| 008 | 150706s2005 mx a rb 001 0 spa d | ||
| 020 | _a6071506344 | ||
| 020 | _a9786071506344 | ||
| 035 | _a(Sirsi) i9786071506344 | ||
| 040 |
_aPE-LiUPU _bspa _cPE-LiUPU _dPE-LiUPU _erda |
||
| 049 | _aPRUA | ||
| 082 | 0 | 4 |
_a657 _bR81 _221 |
| 100 | 1 |
_aRomero López, Álvaro Javier, _eautor. |
|
| 245 | 1 | 0 |
_aContabilidad intermedia : _bNIF A-6.A-7,C-1, C-2,C-3 C-4, C-5, C-6, C-8, C-9, C-11, inventarios perpetuos y cuentas de orden / _cÁlvaro Javier Romero López ; revisión técnica Silvia Collazo Ramírez. |
| 250 | _a3a edición. | ||
| 264 | 1 |
_aMéxico : _bMcGraw-Hill/Interamericana, _c2005. |
|
| 300 |
_a544 páginas : _bilustraciones ; _c27 centímetros |
||
| 336 |
_atext _2rdacontent |
||
| 337 |
_aunmediated _2rdamedia |
||
| 338 |
_avolume _2rdacarrier |
||
| 504 | _aIncluye bibliografía e índice. | ||
| 505 | 0 | _aInventarios perpetuos -- Reconocimiento contable, Valuación de la información financiera, conceptos y normas de valuación, NIF A-6 -- Presentación y revelación de la información financiera, NIF A-7 -- Efectivo y equivalentes de efectivos, NIF C-1 -- Instrumentos Financieros, Boletín C-2 -- Cuentas por cobrar, Boletín C-3 -- Inventarios, NIF C-4 -- Pagos anticipados, NIF C-5. -Propiedades, plantas y equipos, NIF C-6 -- Activos intangibles, NIF C-8 -- Pasivo, provisiones, activos contingentes, y compromisos, Boletín C-9. -Capital contable, Boletín C-11 -- Cuentas de orden. | |
| 526 | _aP203 | ||
| 526 | _aP200 | ||
| 526 | _aSEG65 | ||
| 526 | _aSEG64 | ||
| 526 | _aSEG63 | ||
| 526 | _aSEG62 | ||
| 526 | _aSEG61 | ||
| 526 | _aSEG60 | ||
| 526 | _aSEG59 | ||
| 526 | _aSEG58 | ||
| 526 | _aSEG57 | ||
| 526 | _aSEG56 | ||
| 526 | _aSEG55 | ||
| 526 | _aSEG54 | ||
| 526 | _aSEG53 | ||
| 526 | _aSEG52 | ||
| 526 | _aSEG51 | ||
| 526 | _aSEG50 | ||
| 526 | _aSEG49 | ||
| 526 | _aSEG48 | ||
| 526 | _aSEG47 | ||
| 526 | _aSEG46 | ||
| 526 | _aSEG24 | ||
| 526 | _aSEG23 | ||
| 526 | _aSEG22 | ||
| 526 | _aSEG21 | ||
| 526 | _aSEG20 | ||
| 526 | _aSEG19 | ||
| 526 | _aSEG18 | ||
| 526 | _aSEG17 | ||
| 526 | _aSEG16 | ||
| 526 | _aSEG14 | ||
| 526 | _aSEG13 | ||
| 526 | _aSEG12 | ||
| 526 | _aSEG11 | ||
| 526 | _aSEG10 | ||
| 526 | _aSEG09 | ||
| 526 | _aSEG06 | ||
| 526 | _aSEG05 | ||
| 526 | _aSEG04 | ||
| 526 | _aSEG03 | ||
| 526 | _aSEG02 | ||
| 526 | _aSEG68 | ||
| 526 | _aSEG66 | ||
| 526 | _aSEG45 | ||
| 526 | _aSEG25 | ||
| 526 | _aSEG01 | ||
| 526 | _aP163 | ||
| 526 | _aP162 | ||
| 526 | _aP161 | ||
| 526 | _aP160 | ||
| 526 | _aP159 | ||
| 526 | _aP158 | ||
| 526 | _aP157 | ||
| 526 | _aP156 | ||
| 526 | _aP155 | ||
| 526 | _aP154 | ||
| 526 | _aP153 | ||
| 526 | _aP152 | ||
| 526 | _aP151 | ||
| 526 | _aP150 | ||
| 526 | _aP149 | ||
| 526 | _aP142 | ||
| 526 | _aP141 | ||
| 526 | _aP140 | ||
| 526 | _aP139 | ||
| 526 | _aP138 | ||
| 526 | _aP137 | ||
| 526 | _aP132 | ||
| 526 | _aP131 | ||
| 526 | _aP130 | ||
| 526 | _aP126 | ||
| 526 | _aP125 | ||
| 526 | _aP124 | ||
| 526 | _aP123 | ||
| 526 | _aP115 | ||
| 526 | _aP122 | ||
| 526 | _aP121 | ||
| 526 | _aP116 | ||
| 526 | _a P114 | ||
| 526 | _aP112 | ||
| 526 | _aP111 | ||
| 526 | _aP104 | ||
| 526 | _aP103 | ||
| 526 | _aP102 | ||
| 526 | _aP101 | ||
| 526 | _aP100 | ||
| 526 | _aP96 | ||
| 526 | _aP95 | ||
| 526 | _aP93 | ||
| 526 | _aP92 | ||
| 526 | _aP91 | ||
| 526 | _aP88 | ||
| 526 | _aP83 | ||
| 526 | _aP82 | ||
| 526 | _aP79 | ||
| 526 | _aP78 | ||
| 526 | _aP75 | ||
| 526 | _aP74 | ||
| 526 | _aP71 | ||
| 526 | _aP69 | ||
| 526 | _a P51 | ||
| 526 | _aP49 | ||
| 526 | _aP48 | ||
| 526 | _aP47 | ||
| 526 | _aP33 | ||
| 526 | _aP31 | ||
| 526 | _a P30 | ||
| 526 | _aP29 | ||
| 526 | _aP27 | ||
| 526 | _aP26 | ||
| 526 | _aP25 | ||
| 526 | _aP24 | ||
| 526 | _a P22 | ||
| 526 | _aP10 | ||
| 526 | _aP09 | ||
| 526 | _a P08 | ||
| 526 | _aP06 | ||
| 526 | _aP05 | ||
| 526 | _aP04 | ||
| 526 | _aP01 | ||
| 541 | _g001-0037258; | ||
| 650 | 0 | 4 |
_aContabilidad _vLibros de texto. |
| 650 | 0 | 4 | _aContabilidad Intermedia. |
| 700 | 1 |
_aCollazos Ramírez, Silvia, _erevisor. |
|
| 910 |
_agl _bng _d20130704 |
||
| 942 |
_2ddc _cBOOK |
||
| 949 |
_a657 R81 _wDEWEY _c1 _i67881 _lCCODEBUL1 _mBUL _p31.00 _r0 _sY _tBOOK _u2015-7-6 _xFCE _PP08 _o.STAFF. Colección Ciencias Empresariales |
||
| 949 |
_a657 R81 2012 _wDEWEY _c1 _iFJ01670 _lCCODEBUJ1 _mBUJ _p31.00 _r0 _sY _tBOOK _u2014-12-11 _xFCE _PP08 _0COMPRA _o.STAFF -- Colección General Juliaca |
||
| 994 |
_aC0 _bPEPRU |
||
| 596 | _a1 3 | ||
| 999 |
_a657 R81 _wDEWEY _c55391 _i67881 _d55391 _e2019-9-20 _f2021-11-5 _g6 _lCCODEBUL1 _mBUL _n7 _p31.00 _q3 _r0 _sY _tBOOK _u2015-7-6 _xFCE _zP08 _0COMPRA _o.STAFF. Colección Ciencias Empresariales |
||
| 999 |
_a657 R81 2012 _wDEWEY _c1 _iFJ01670 _d2019-8-22 _e2019-5-7 _f2022-1-26 _g4 _lCCODEBUJ1 _mBUJ _n1 _p31.00 _q3 _r0 _sY _tBOOK _u2015-11-27 _xFCE _PP08 _0COMPRA _o.STAFF. Colección General Juliaca |
||
| 980 |
_81 _gALBERTO SANCHEZ Responsable de Automatización |
||